[Event "Turkey IS Bank Super League 2017"]
[Site "Darica-Kocaeli"]
[Date "2017.07.26"]
[Round "1.1"]
[White "Swiercz, Dariusz"]
[Black "Kravtsiv, Martyn"]
[Result "1-0"]
[WhiteElo "2637"]
[BlackElo "2657"]
[Annotator "TA"]
[PlyCount "99"]
[EventType "team-tourn"]
[EventCountry "TUR"]
[SourceTitle "playchess.com"]
[Source "ChessBase"]
[SourceQuality "1"]

{[%evp 30,99,34,34,30,25,28,23,27,25,25,19,17,7,22,7,28,17,65,26,54,54,106,134,86,0,0,-6,104,70,107,111,94,115,298,123,183,151,243,234,303,279,216,221,280,271,344,344,359,325,391,304,291,269,275,262,304,303,420,428,431,447,396,327,531,530,534,454,739,719,2047,2031]} 1. e4 e5 2. Nf3 Nc6 3. Bb5 a6 4. Ba4 Nf6 5. O-O Be7 6. Re1 b5 7. Bb3 d6 8. c3 O-O 9. h3 Bb7 10. d4 Nd7 11. Nbd2 exd4 {C92: Closed Ruy Lopez: 9...Be6, Karpov and Flohr-Zaitsev Variations} 12. cxd4 Bf6 13. Nf1 Na5 14. Bc2 Re8 15. Rb1 c5 16. d5 {LiveBook: 29 Games} Nc4 17. b3 Nce5 18. N3h2 Ng6 19. Ng3 {[#]} Bc8 $146 20. Rf1 Bc3 21. Ne2 Ba5 22. Bb2 Nf6 23. Ng3 $1 Rb8 24. Kh1 Bd7 25. f4 Rc8 {[#]} ({Black should play} 25... c4 $14) 26. e5 $1 $16 {[%mdl 512]} dxe5 27. Bxg6 (27. fxe5 $16 Nxe5 28. Nh5 Nxh5 29. Qxh5) 27... hxg6 $11 28. fxe5 Nh7 (28... c4 $1 $11) 29. Ne4 Bf5 30. Nd6 $36 {[%mdl 2048] White is on the roll.} Bxb1 31. Qxb1 Nf8 $2 {[#]} (31... Rf8 $16) 32. Nf3 (32. Nxc8 Qxc8 33. Nf3 Qb7 $14) (32. Nxe8 Qxe8 33. Nf3 c4 $14) (32. Rxf7 $18 {and the rest is easy.} c4 33. bxc4 (33. Nxe8 Qxe8 34. e6 c3 $16) (33. Nxc8 Kxf7 34. Qf1+ Kg8 $14) 33... bxc4 34. e6 (34. Nxc8 Kxf7 35. Qf1+ Kg8 $14) (34. Nxe8 Qxe8 35. e6 c3 $18)) 32... c4 (32... Rc7 $16) 33. Bd4 (33. Nxe8 $6 Qxe8 34. bxc4 bxc4 $14) (33. Nxc8 $6 Qxc8 34. bxc4 Qxc4 $16) 33... Re7 (33... Qe7 $16 34. b4 (34. Nxc8 Rxc8 35. bxc4 Rxc4 $16) (34. Nxe8 Qxe8 35. bxc4 Rxc4 $16) 34... Bc7 35. Nxc8 Rxc8) 34. b4 $18 {[%cal Bb3b4,Bb4a5][%mdl 32]} ({Don't do} 34. Nxc8 Qxc8 35. Rc1 Rb7) 34... Rd7 35. bxa5 Rxd6 36. exd6 Qxd6 37. Rd1 Nd7 38. Bc3 Nf6 39. Qb4 Qd7 40. Bxf6 gxf6 41. Qc3 Qd6 42. a3 Re8 43. Qb4 Qd7 44. d6 Kg7 45. Qc5 Rc8 46. Qe3 Re8 $2 (46... c3 47. Qc1 c2) 47. Qd4 {White is clearly winning.} Re2 48. Qc5 Re6 (48... Re8 $142 49. Nd4 Rc8) 49. Nd4 Re4 50. Qc7 {Precision: White = 71%, Black = 39%.} 1-0

[Event "Turkey IS Bank Super League 2017"]
[Site "Darica-Kocaeli"]
[Date "2017.07.26"]
[Round "1.2"]
[White "Sadikhov, Ulvi"]
[Black "Pantsulaia, Levan"]
[Result "0-1"]
[WhiteElo "2494"]
[BlackElo "2585"]
[Annotator "TA"]
[PlyCount "85"]
[EventType "team-tourn"]
[EventCountry "TUR"]
[SourceTitle "playchess.com"]
[Source "ChessBase"]
[SourceQuality "1"]

{[%evp 16,85,-1,-7,23,17,45,13,11,3,7,-4,25,20,23,16,12,0,0,0,0,-34,-34,-34,-34,-34,-34,-34,-34,-119,-119,-152,-149,-152,-73,-82,-69,-74,-77,-107,-114,-135,-107,-105,-100,-107,-117,-99,-102,-136,-137,-144,-130,-213,-225,-251,-222,-230,-177,-162,-164,-153,-153,-2314,-2314,-1397,-1439,-1310,-1189,-6087,-6079,-5333]} 1. e4 c5 2. Nf3 e6 3. g3 Nc6 4. Bg2 Nf6 5. d3 d6 6. O-O Be7 7. Re1 O-O 8. Nbd2 Qc7 9. a4 {LiveBook: 3 Games} Bd7 {B30: Sicilian: 2...Nc6 3 Bb5, lines without ...g6} (9... b6 10. Nc4 Bb7 11. a5 Nd7 12. a6 Bc8 13. e5 d5 14. Ne3 d4 15. Ng4 h5 16. Nh6+ gxh6 17. Bxh6 {1-0 (35) Amin,B (2655)-Karavade,E (2403) Dubai 2016}) 10. Nc4 Ng4 11. h3 (11. Nfd2 $5 {[%cal Rd1g4]} Nf6 12. Ne3 $11) 11... Nge5 {The position is equal.} 12. Nfxe5 dxe5 13. f4 $146 ({Find the theoretical novelty and annotate with similar games:} 13. Qg4 Kh8 14. Bg5 f6 15. Bd2 Rae8 16. Bc3 {0-1 (23) Logie,D-Bossuyt,K Belgium 2004}) 13... Rad8 14. fxe5 Nxe5 15. Bf4 f6 16. Qh5 {[%cal Rc4e5]} Bd6 17. Nxd6 Qxd6 18. Be3 (18. b3 {is more complex.} Qd4+ 19. Kh1 Rf7 20. Kh2 Be8 21. Be3) 18... b6 19. Bf2 Nc6 20. Qd1 e5 21. b3 Be6 22. Bf1 (22. Rf1 $15) 22... f5 $17 23. exf5 Rxf5 {[#] Hoping for ...Rdf8.} 24. c3 Qf8 ({Black should try} 24... Na5 {aiming for ...Rdf8.} 25. Be3 Nxb3) 25. Qe2 Bxb3 26. Bg2 Bd5 27. Bxd5+ Rxd5 28. Qe4 Rd6 29. Be3 Rdf6 30. Kg2 h6 31. Re2 Qf7 32. g4 Rf3 33. Raa2 Ne7 $36 {[%cal Bc6e7,Be7d5,Bd5e3][%mdl 2080] White is under strong pressure.} 34. a5 (34. c4 $17 {keeps fighting.}) 34... Nd5 $19 35. Rac2 Nxe3+ 36. Rxe3 Rf2+ 37. Rxf2 Rxf2+ {[%mdl 4096] Endgame KQR-KQR} 38. Kg3 {[#]} Qf4+ $1 39. Qxf4 $2 (39. Kh4 $17) 39... exf4+ {Black is clearly winning.} 40. Kxf2 fxe3+ 41. Kxe3 bxa5 42. Kd2 Kf7 43. Kc2 {Precision: White = 41%, Black = 74%.} 0-1

[Event "Turkey IS Bank Super League 2017"]
[Site "Darica-Kocaeli"]
[Date "2017.07.26"]
[Round "1.3"]
[White "Karatekin, Tamer"]
[Black "Ertan, Can"]
[Result "1-0"]
[WhiteElo "2287"]
[BlackElo "2377"]
[Annotator "NA"]
[PlyCount "155"]
[EventType "team-tourn"]
[EventCountry "TUR"]
[SourceTitle "playchess.com"]
[Source "ChessBase"]
[SourceQuality "1"]
[TimeControl "40/5400+30:1800+30"]

1. e4 {[%emt 0:00:30] 82%} e5 {[%emt 0:01:00] 82%} 2. Nf3 {[%emt 0:00:30] 82%} Nc6 {[%emt 0:00:30] 8%} 3. Nc3 {[%emt 0:00:30] 88%} Nf6 {[%emt 0:00:30] 88%} 4. a3 {[%emt 0:00:00] 88%} d5 {[%emt 0:01:30] 88%} 5. Bb5 {[%emt 0:00:00] 88%} Nxe4 {[%emt 0:03:30] 88%} 6. Qe2 {[%emt 0:00:00] 88} Nxc3 {[%emt 0:03:30] 888} 7. Qxe5+ {[%emt 0:00:00] 888} Be7 {[%emt 0:03:30] 888} 8. Qxc3 {[%emt 0:00:30] 888} O-O {[%emt 0:01:30] 888} 9. d4 {[%emt 0:00:30] 888} Bf6 {[%emt 0:09:30] 88} 10. O-O {[%emt 0:01:30] 888} Ne7 {[%emt 0:06:30] 888} 11. Re1 {[%emt 0:05:30] 888} Bf5 {[%emt 0:03:30] 8888} 12. Bf4 {[%emt 0:08:30] 8888} c6 {[%emt 0:07:30] 8888} 13. Bd3 {[%emt 0:01:30] 888} Bxd3 {[%emt 0:00:30] 888} 14. Qxd3 {[%emt 0:00:30] 888} Ng6 {[%emt 0:00:30] 88} 15. Bg3 {[%emt 0:00:00] ]88} Qd7 {[%emt 0:00:00] ]88} 16. Ne5 {[%emt 0:00:00] ]88} Bxe5 {[%emt 0:00:00] ]8} 17. dxe5 {[%emt 0:04:30] ]]} Rae8 {[%emt 0:02:30] ]]} 18. c4 {[%emt 0:14:30] ]]} Ne7 {[%emt 0:02:30] ]]} 19. f4 {[%emt 0:01:30] ]]} Qg4 {[%emt 0:23:30] ]]} 20. cxd5 {[%emt 0:03:30] ]]} cxd5 {[%emt 0:05:30] ]]} 21. h3 {[%emt 0:08:30] ]]} Qe6 {[%emt 0:09:15] 3} 22. Bf2 {[%emt 0:01:30] ]]33} Rc8 {[%emt 0:02:56] 33} 23. Rac1 {[%emt 0:11:30] 9]3} Rxc1 {[%emt 0:00:40] 33} 24. Rxc1 {[%emt 0:00:30] 3933} Rc8 {[%emt 0:00:00] [%clk 0:07.50]]} 25. Rc3 {[%emt 0:05:30] ]]]} Rxc3 {[%emt 0:04:49] %%cc} 26. Qxc3 {[%emt 0:00:30] 0]} Nc6 {[%emt 0:00:30]} 27. b4 {[%emt 0:00:30] 5]} a6 {[%emt 0:00:03]} 28. Bc5 {[%emt 0:09:30] ]]} Qf5 {[%emt 0:01:15] ]} 29. Qf3 {[%emt 0:00:30] 22]} d4 {[%emt 0:03:22] ]]} 30. Qg4 {[%emt 0:03:21] ]]} Qxg4 {[%emt 0:03:03] ]} 31. hxg4 {[%emt 0:00:04] ]]} g5 {[%emt 0:00:56] ]} 32. g3 {[%emt 0:00:15] ]} h5 {[%emt 0:00:44] ]]} 33. gxh5 {[%emt 0:01:02] ]} gxf4 {[%emt 0:00:30] ]} 34. gxf4 {[%emt 0:00:30] ]]} Kh7 {[%emt 0:00:00] [%clk 0:02.18] [%clk 0:02:37]V} 35. Kf2 {[%emt 0:09:36] [%} Kh6 {[%emt 0:00:00] [%clk 0:03.00] [} 36. Kf3 {[%emt 0:05:02] %} Kxh5 {[%emt 0:00:00] %} 37. Ke4 {[%emt 0:00:30] %} Kg4 {[%emt 0:00:27] %} 38. f5 {[%emt 0:00:30] %} d3 {[%emt 0:00:30] %} 39. Be3 {[%emt 0:00:30]} Ne7 {[%emt 0:02:48] [%clk 0:00.42]} 40. f6 {[%emt 0:05:05]} Ng6 {[%emt 0:01:12]} 41. Bh6 {[%emt 0:05:35]} Kh5 {[%emt 0:03:30]} 42. Bd2 {[%emt 0:01:30]} Kg4 {[%emt 0:00:30]} 43. b5 {[%emt 0:04:30]} axb5 {[%emt 0:01:30]} 44. e6 {[%emt 0:00:30]} fxe6 {[%emt 0:00:30]} 45. f7 {[%emt 0:00:00]} Kh5 {[%emt 0:03:30]} 46. Bb4 {[%emt 0:01:00]} b6 {[%emt 0:00:30]} 47. Ke3 {[%emt 0:00:30]} Kg5 {[%emt 0:10:45]} 48. f8=Q {[%emt 0:02:09]} Nxf8 {[%emt 0:00:13]} 49. Bxf8 {[%emt 0:01:16]} Kf6 {[%emt 0:00:47]} 50. Kxd3 {[%emt 0:02:16]} Ke5 {[%emt 0:00:17]} 51. Bb4 {[%emt 0:01:00]} Kd5 {[%emt 0:00:30]} 52. Ke3 {[%emt 0:00:00]} Ke5 {[%emt 0:00:48]} 53. Kd3 {[%emt 0:01:15]} Kd5 {[%emt 0:00:30]} 54. Bc3 {[%emt 0:00:30]} e5 {[%emt 0:00:00]} 55. Bd2 {[%emt 0:00:21]} e4+ {[%emt 0:00:25]} 56. Ke3 {[%emt 0:00:30]} Ke5 {[%emt 0:00:56]} 57. Be1 {[%emt 0:07:54]} Kd5 {[%emt 0:00:08]} 58. Kf4 {[%emt 0:01:06]} Kd4 {[%emt 0:00:59]} 59. Kf5 {[%emt 0:03:12]} Kd5 {[%emt 0:00:51]} 60. Bd2 {[%emt 0:00:30]} Kd4 {[%emt 0:00:00]} 61. Bb4 {[%emt 0:01:24]} Kd5 {[%emt 0:00:05]} 62. Kf4 {[%emt 0:03:41]} Kd4 {[%emt 0:00:36]} 63. Bd6 {[%emt 0:00:33]} Kd5 {[%emt 0:00:21]} 64. Bf8 {[%emt 0:00:37]} Kd4 {[%emt 0:00:17]} 65. Kg3 {[%emt 0:00:36]} Kd5 {[%emt 0:01:59]} 66. Kf2 {[%emt 0:00:35]} Kd4 {[%emt 0:00:30]} 67. Ke2 {[%emt 0:00:30]} Kd5 {[%emt 0:00:06]} 68. Kd2 {[%emt 0:00:00]} Kd4 {[%emt 0:00:30]} 69. Kc2 {[%emt 0:00:00]} Kc4 {[%emt 0:03:48]} 70. Bb4 {[%emt 0:00:00]} Kd4 {[%emt 0:05:32]} 71. Kb3 {[%emt 0:00:00]} Kd3 {[%emt 0:00:20]} 72. Be1 {[%emt 0:00:44]} Ke2 {[%emt 0:01:15]} 73. Bg3 {[%emt 0:00:57]} Kd3 {[%emt 0:00:18]} 74. Kb4 {[%emt 0:00:02]} e3 {[%emt 0:00:34]} 75. Kxb5 {[%emt 0:00:32]} Kc3 {[%emt 0:00:27]} 76. a4 {[%emt 0:00:49]} Kb3 {[%emt 0:00:30]} 77. Be1 {[%emt 0:00:30]} e2 {[%emt 0:00:00]} 78. Bb4 {[%emt 0:00:00]} 1-0

[Event "Turkey IS Bank Super League 2017"]
[Site "Darica-Kocaeli"]
[Date "2017.07.26"]
[Round "1.4"]
[White "Tofan, Ibrahim"]
[Black "Yelken, Mustafa"]
[Result "1/2-1/2"]
[WhiteElo "2194"]
[BlackElo "2171"]
[Annotator "NA"]
[PlyCount "137"]
[EventType "team-tourn"]
[EventCountry "TUR"]
[SourceTitle "playchess.com"]
[Source "ChessBase"]
[SourceQuality "1"]
[TimeControl "40/5400+30:1800+30"]

1. e4 {[%emt 0:00:30] 317} c5 {[%emt 0:01:00] 317} 2. b3 {[%emt 0:00:30] 317} g6 {[%emt 0:01:30] 317} 3. Bb2 {[%emt 0:00:30] ]317} Nf6 {[%emt 0:00:30] ]317} 4. g3 {[%emt 0:01:30] ]317} Bg7 {[%emt 0:01:30] ]31} 5. Bg2 {[%emt 0:00:30] ]31} O-O {[%emt 0:00:00] ]31} 6. Ne2 {[%emt 0:02:30] ]3} Nc6 {[%emt 0:01:00] ]33} 7. O-O {[%emt 0:00:30] ]33} d6 {[%emt 0:01:30] ]33} 8. d4 {[%emt 0:02:30] ]3} cxd4 {[%emt 0:02:30] ]]} 9. Nxd4 {[%emt 0:03:30] ]]} Bd7 {[%emt 0:04:30] ]]} 10. c4 {[%emt 0:02:30] ]]]} Nxd4 {[%emt 0:02:30] ]]]} 11. Bxd4 {[%emt 0:01:30] ]]]} Bc6 {[%emt 0:02:30] ]]]} 12. Nc3 {[%emt 0:02:30] ]]]} a5 {[%emt 0:08:30] ]]]} 13. Qe2 {[%emt 0:04:30] ]]]} Nd7 {[%emt 0:06:30] ]]]} 14. Bxg7 {[%emt 0:07:30] ]]]} Kxg7 {[%emt 0:00:00] ]]]} 15. Rad1 {[%emt 0:01:30] ]]]} Qb6 {[%emt 0:10:00] ]]]} 16. h4 {[%emt 0:10:30] ]]]} h5 {[%emt 0:09:30] ]]]} 17. Nd5 {[%emt 0:05:30] ]]]} Bxd5 {[%emt 0:00:30] ]]]} 18. Rxd5 {[%emt 0:02:30] ]]]} Qc7 {[%emt 0:14:30] ]]]} 19. Rfd1 {[%emt 0:06:30] ]]]} a4 {[%emt 0:08:30] ]]} 20. e5 {[%emt 0:05:30] ]]]} Nxe5 {[%emt 0:04:33]} 21. c5 {[%emt 0:00:00] 7]]} axb3 {[%emt 0:03:17] ]} 22. cxd6 {[%emt 0:02:00] ]0]} exd6 {[%emt 0:00:04] 0} 23. axb3 {[%emt 0:05:30] 660} Rfe8 {[%emt 0:01:03] 0} 24. Rxd6 {[%emt 0:00:30] 0 [%clk 0:24:0] 5]8[} Qc3 {[%emt 0:03:30] l%lk} 25. Bxb7 {[%emt 0:22:42] ll} Rab8 {[%emt 0:00:15] ]} 26. Bg2 {[%emt 0:03:31] ]]} Rxb3 {[%emt 0:02:58] ]]} 27. Qd2 {[%emt 0:01:41] [%clk 0:04.59][} Qxd2 {[%emt 0:03:43] [%%} 28. R6xd2 {[%emt 0:00:07] [%} Nf3+ {[%emt 0:00:30] [%%} 29. Bxf3 {[%emt 0:00:30] [%%} Rxf3 {[%emt 0:00:30] [%} 30. Ra1 {[%emt 0:00:30] [%%} Re7 {[%emt 0:00:30] [ [%clk 0:07:43] cl} 31. Ra8 {[%emt 0:02:51]} Rf5 {[%emt 0:00:24]} 32. Kg2 {[%emt 0:00:30]} Rfe5 {[%emt 0:00:30]} 33. Rdd8 {[%emt 0:00:30] [%clk 0:01.37] ]} R5e6 {[%emt 0:00:00] %} 34. Rg8+ {[%emt 0:01:31] %} Kf6 {[%emt 0:00:06] %} 35. Ra3 {[%emt 0:00:30] %} Re8 {[%emt 0:00:30] %} 36. Rf3+ {[%emt 0:00:30] %} Ke7 {[%emt 0:00:30] %} 37. Rxe8+ {[%emt 0:00:30] %} Kxe8 {[%emt 0:00:30] %} 38. Rf4 {[%emt 0:00:30] %} Ke7 {[%emt 0:00:30]} 39. g4 {[%emt 0:00:30]} hxg4 {[%emt 0:00:30]} 40. Rxg4 {[%emt 0:00:30]} Re5 {[%emt 0:30:30]} 41. Kg3 {[%emt 0:30:30]} Kf6 {[%emt 0:00:30]} 42. Ra4 {[%emt 0:00:30]} Rb5 {[%emt 0:00:30]} 43. Kg4 {[%emt 0:00:30]} Rf5 {[%emt 0:00:30]} 44. f3 {[%emt 0:00:30]} Kg7 {[%emt 0:00:30]} 45. Ra8 {[%emt 0:00:30]} Rh5 {[%emt 0:00:30]} 46. Re8 {[%emt 0:00:30]} Rf5 {[%emt 0:00:00] 3 [%clk 0:41:0]} 47. Kg3 {[%emt 0:00:00]} Rh5 {[%emt 0:00:00]} 48. Kg4 {[%emt 0:00:00]} Rf5 {[%emt 0:00:00]} 49. Kg3 {[%emt 0:00:00]} Rh5 {[%emt 0:00:00]} 50. Re4 {[%emt 0:00:00]} Rf5 {[%emt 0:00:00]} 51. Rg4 {[%emt 0:00:00]} Rh5 {[%emt 0:00:00]} 52. Re4 {[%emt 0:00:00]} Rf5 {[%emt 0:00:00]} 53. Re7 {[%emt 0:00:00]} Kf6 {[%emt 0:00:00]} 54. Re2 {[%emt 0:00:00]} Kg7 {[%emt 0:00:00]} 55. Kg4 {[%emt 0:00:00]} Rh5 {[%emt 0:00:00]} 56. Re3 {[%emt 0:00:00]} Rf5 {[%emt 0:00:00]} 57. f4 {[%emt 0:00:00]} Ra5 {[%emt 0:00:00]} 58. Rb3 {[%emt 0:00:00]} Rc5 {[%emt 0:00:00]} 59. Kf3 {[%emt 0:00:00]} Rh5 {[%emt 0:00:00]} 60. Kg3 {[%emt 0:00:00]} Rc5 {[%emt 0:00:00]} 61. Kf2 {[%emt 0:00:01]} Rh5 {[%emt 0:00:00]} 62. Rh3 {[%emt 0:00:30]} Ra5 {[%emt 0:00:00]} 63. Re3 {[%emt 0:00:29]} Rh5 {[%emt 0:00:00]} 64. Kg3 {[%emt 0:00:30]} Rc5 {[%emt 0:00:00]} 65. Kg4 {[%emt 0:00:30]} Ra5 {[%emt 0:00:00]} 66. Re8 {[%emt 0:01:55]} Ra3 {[%emt 0:00:00]} 67. h5 {[%emt 0:00:38]} gxh5+ {[%emt 0:00:00]} 68. Kxh5 {[%emt 0:00:45]} Rg3 {[%emt 0:00:00]} 69. Kh4 {[%emt 0:03:44]} 1/2-1/2

[Event "Turkey IS Bank Super League 2017"]
[Site "Darica-Kocaeli"]
[Date "2017.07.26"]
[Round "1.5"]
[White "Daulyte, Deimante"]
[Black "Osmak, Iulija"]
[Result "1/2-1/2"]
[WhiteElo "2419"]
[BlackElo "2353"]
[Annotator "TA"]
[PlyCount "88"]
[EventType "team-tourn"]
[EventCountry "TUR"]
[SourceTitle "playchess.com"]
[Source "ChessBase"]
[SourceQuality "1"]

{[%evp 10,88,18,13,26,27,22,26,27,25,27,11,29,0,41,0,0,0,0,0,0,-11,-15,-16,-13,-27,-1,-10,-13,-21,-16,-25,0,0,0,0,0,0,0,0,0,0,0,0,0,0,0,0,0,0,0,0,0,0,0,0,0,0,0,0,0,0,31,18,16,0,10,0,0,0,0,0,0,0,0,0,0,0,0,0,310]} 1. e4 e6 2. d4 d5 3. Nd2 c5 4. exd5 Qxd5 5. Ngf3 cxd4 6. Bc4 Qd7 {C07: French Tarrasch: 3...c5, 4 Ngf3 and 4 exd5 Qxd5} (6... Qd6 7. O-O Nf6 8. Nb3 Nc6 9. Nbxd4 Nxd4 10. Nxd4 a6 11. Re1 Qc7 12. Bf1 Bd6 13. Nf5 Bxh2+ 14. Kh1 Kf8 15. Qd4 exf5 16. Qxf6 h6 17. Qd4 Bd6 18. Bd2 Be6 19. Bc3 Rh7 {0-1 (48) Karjakin,S (2781)-Caruana,F (2808) Paris 2017}) 7. O-O Nc6 8. Nb3 a6 {White has an edge.} 9. Nbxd4 Nxd4 10. Nxd4 Qc7 11. Bb3 (11. Qe2 {seems wilder.} Nf6 12. Bg5 Bd7 13. g3 Be7 14. Bf4) 11... Bd6 12. h3 Ne7 13. c3 O-O 14. Re1 b5 15. Qh5 $146 ({NOTEXT:} 15. Bg5 Ng6 16. Bc2 {0-1 (44) Dembo,Y (2431)-Beliavsky,A (2606) Liverpool 2008}) 15... Ng6 16. Bc2 Bb7 17. Be3 Bh2+ 18. Kh1 Bf4 19. Nf3 (19. Bxg6 {with more complications.} hxg6 20. Qg4 Bxe3 21. Rxe3 Rfd8 22. Kg1) 19... Bxe3 20. Rxe3 Bxf3 (20... Qf4 {is interesting.} 21. Bxg6 fxg6 22. Qg4 Qxg4 23. hxg4 Rf4) 21. Qxf3 Rad8 22. Bxg6 hxg6 23. Rd1 Rxd1+ 24. Qxd1 $11 {[%mdl 4096] Endgame KQR-KQR} Rd8 25. Rd3 Rxd3 26. Qxd3 {KQ-KQ} Qf4 27. Qc2 Kf8 28. Kg1 Ke7 29. b3 g5 30. c4 bxc4 31. bxc4 Qd4 32. Qb3 Qa1+ 33. Kh2 Qe5+ 34. g3 Qd4 35. Kg1 Qd6 36. Qb7+ Kf6 {The position is equal.} 37. Qf3+ Ke7 38. Qb7+ Kf6 39. c5 Qd1+ 40. Kh2 Qc2 41. Kg1 Qd1+ 42. Kh2 Qc2 43. Kg1 Qd1+ 44. Kh2 Ke5 $2 {[%mdl 40960] Precision: White = 72%, Black = 66%. . An unexpected result.} (44... Qc2 $11 {and Black stays safe.} 45. Qf3+ Kg6) 1/2-1/2

[Event "Turkey IS Bank Super League 2017"]
[Site "Darica-Kocaeli"]
[Date "2017.07.26"]
[Round "1.6"]
[White "Ererdem, Gani Eren"]
[Black "Gundogan, Cem"]
[Result "1/2-1/2"]
[WhiteElo "2090"]
[BlackElo "2062"]
[Annotator "NA"]
[PlyCount "28"]
[EventType "team-tourn"]
[EventCountry "TUR"]
[SourceTitle "playchess.com"]
[Source "ChessBase"]
[SourceQuality "1"]
[TimeControl "40/5400+30:1800+30"]

1. d4 {[%emt 0:00:30] 9} Nf6 {[%emt 0:03:00] 9} 2. Nf3 {[%emt 0:01:30] 9} e6 {[%emt 0:00:30]} 3. c4 {[%emt 0:00:30]} b6 {[%emt 0:03:30]} 4. a3 {[%emt 0:01:30]} Ba6 {[%emt 0:08:30]} 5. Qc2 {[%emt 0:06:30]} d5 {[%emt 0:02:30]} 6. cxd5 {[%emt 0:04:30]} exd5 {[%emt 0:04:30]} 7. Nc3 {[%emt 0:01:30]} Be7 {[%emt 0:02:30]} 8. g3 {[%emt 0:05:30]} O-O {[%emt 0:06:30]} 9. Bg2 {[%emt 0:02:30]} c5 {[%emt 0:07:30]} 10. O-O {[%emt 0:08:30]} Nc6 {[%emt 0:07:30]} 11. dxc5 {[%emt 0:22:30]} bxc5 {[%emt 0:04:30]} 12. Rd1 {[%emt 0:00:30]} d4 {[%emt 0:05:30]} 13. Ng5 {[%emt 0:06:30]} Rc8 {[%emt 0:18:30] [%clk 0:22]} 14. Bh3 {[%emt 0:32:17]} h6 {[%emt 0:11:56]} 1/2-1/2

[Event "Turkey IS Bank Super League 2017"]
[Site "Darica-Kocaeli"]
[Date "2017.07.26"]
[Round "1.7"]
[White "Dolgun, Can"]
[Black "Ozenir, Ekin Baris"]
[Result "1/2-1/2"]
[WhiteElo "2104"]
[BlackElo "2098"]
[Annotator "NA"]
[PlyCount "155"]
[EventType "team-tourn"]
[EventCountry "TUR"]
[SourceTitle "playchess.com"]
[Source "ChessBase"]
[SourceQuality "1"]
[TimeControl "40/5400+30:1800+30"]

1. e4 {[%emt 0:00:30] .4]} Nc6 {[%emt 0:01:00] .4]} 2. Nf3 {[%emt 0:02:30] .4]} d6 {[%emt 0:00:30] .]} 3. d4 {[%emt 0:01:30] ..]} Nf6 {[%emt 0:00:30] ..]} 4. Nbd2 {[%emt 0:01:30] ..]} g6 {[%emt 0:01:30] ..]} 5. c3 {[%emt 0:01:30] ..]} Bg7 {[%emt 0:00:30] ..]} 6. Bd3 {[%emt 0:02:30] ..} O-O {[%emt 0:01:30] ...} 7. O-O {[%emt 0:01:30] ...} e5 {[%emt 0:05:30] ...} 8. dxe5 {[%emt 0:01:30] ...} Nxe5 {[%emt 0:04:30] ...} 9. Nxe5 {[%emt 0:04:30] ...} dxe5 {[%emt 0:00:30] ..} 10. Nc4 {[%emt 0:02:30] ...} Nd7 {[%emt 0:06:30] ...} 11. Qe2 {[%emt 0:06:30] ...} Nc5 {[%emt 0:09:30] ....} 12. Rd1 {[%emt 0:00:30] ....} Be6 {[%emt 0:03:30] ....} 13. Bc2 {[%emt 0:08:30] ...} Qe8 {[%emt 0:14:30] ...} 14. Be3 {[%emt 0:08:30] ...} Qb5 {[%emt 0:03:30] ..} 15. Bxc5 {[%emt 0:05:30] ...} Qxc5 {[%emt 0:10:30] ...} 16. Ne3 {[%emt 0:03:30] ...} Qb6 {[%emt 0:06:30] ...} 17. Bb3 {[%emt 0:01:30] ...} Bxb3 {[%emt 0:07:30] ...} 18. axb3 {[%emt 0:01:30] ...} c6 {[%emt 0:01:30] ...} 19. b4 {[%emt 0:08:30] ]..} Qc7 {[%emt 0:02:16] ][[l} 20. b5 {[%emt 0:03:30] 4]][[} Bh6 {[%emt 0:06:24] [%clk 0:08.48]][} 21. bxc6 {[%emt 0:06:30] ]0} Bxe3 {[%emt 0:04:02] c[cl} 22. Qxe3 {[%emt 0:00:30] 4]} bxc6 {[%emt 0:00:18]} 23. Qc5 {[%emt 0:10:32]} Qb6 {[%emt 0:03:02]} 24. Qxb6 {[%emt 0:01:55] ][} axb6 {[%emt 0:00:30] ]]} 25. Kf1 {[%emt 0:00:00] ]]} Rxa1 {[%emt 0:01:35] ]} 26. Rxa1 {[%emt 0:00:26] ]]} Kg7 {[%emt 0:00:00] ]]} 27. Ra7 {[%emt 0:01:29] ]]} Rd8 {[%emt 0:00:44] ]]} 28. Ra6 {[%emt 0:00:46] ]]} Rb8 {[%emt 0:00:07] ]]} 29. b4 {[%emt 0:03:23] ]]} Kf6 30. c4 Ke6 {[%emt 0:03:37] ]} 31. Ke2 {[%emt 0:06:22] ]} Rb7 {[%emt 0:00:30] [%clk 0:03.59] [} 32. c5 {[%emt 0:02:13] c} bxc5 {[%emt 0:00:00]} 33. Rxc6+ {[%emt 0:00:30]} Kd7 {[%emt 0:00:26]} 34. Rxc5 {[%emt 0:00:30]} Rxb4 {[%emt 0:00:30]} 35. Rxe5 {[%emt 0:00:30]} f6 {[%emt 0:00:30]} 36. Rd5+ {[%emt 0:00:30]} Ke6 {[%emt 0:00:30]} 37. Ke3 {[%emt 0:00:30]} f5 {[%emt 0:00:30]} 38. f3 {[%emt 0:00:30]} Rb3+ {[%emt 0:00:30]} 39. Rd3 {[%emt 0:00:30]} Rb1 {[%emt 0:00:30]} 40. g3 {[%emt 0:00:00] ] [%clk 0:31:0]} Rh1 {[%emt 0:02:29]} 41. h4 {[%emt 0:03:54]} fxe4 {[%emt 0:05:30]} 42. Kxe4 {[%emt 0:03:30]} Ra1 {[%emt 0:00:30]} 43. Rd4 {[%emt 0:02:30]} Ra5 {[%emt 0:00:30]} 44. g4 {[%emt 0:01:30]} h6 {[%emt 0:03:30]} 45. Rb4 {[%emt 0:04:30]} Ra6 {[%emt 0:03:30]} 46. Kf4 {[%emt 0:02:09]} Kf6 {[%emt 0:01:30]} 47. g5+ {[%emt 0:01:32]} hxg5+ {[%emt 0:00:30]} 48. hxg5+ {[%emt 0:00:30]} Ke6 {[%emt 0:00:00]} 49. Kg4 {[%emt 0:00:02]} Rc6 {[%emt 0:01:00]} 50. Rb7 {[%emt 0:00:51]} Rc4+ {[%emt 0:02:35]} 51. f4 {[%emt 0:00:14]} Rc1 {[%emt 0:00:44]} 52. Rb6+ {[%emt 0:02:51]} Kf7 {[%emt 0:00:09]} 53. Rf6+ {[%emt 0:01:07]} Kg7 {[%emt 0:00:30]} 54. Rd6 {[%emt 0:00:00]} Rf1 {[%emt 0:02:03]} 55. Rd7+ {[%emt 0:00:28]} Kg8 {[%emt 0:00:00]} 56. Kg3 {[%emt 0:00:51]} Kf8 {[%emt 0:00:16]} 57. Rd6 {[%emt 0:00:57]} Kf7 {[%emt 0:00:30]} 58. Rf6+ {[%emt 0:00:30]} Kg7 {[%emt 0:00:30]} 59. Kg2 {[%emt 0:00:30]} Re1 {[%emt 0:00:30]} 60. Kf3 {[%emt 0:00:30]} Re7 {[%emt 0:00:30]} 61. Rd6 {[%emt 0:00:30]} Kf7 {[%emt 0:00:30]} 62. Rd5 {[%emt 0:00:36]} Re1 {[%emt 0:00:00]} 63. Re5 {[%emt 0:00:23]} Rf1+ {[%emt 0:00:01]} 64. Ke4 {[%emt 0:00:15]} Re1+ {[%emt 0:00:09]} 65. Kd4 {[%emt 0:01:15]} Rd1+ {[%emt 0:00:09]} 66. Kc5 {[%emt 0:00:15]} Rc1+ {[%emt 0:00:30]} 67. Kd6 {[%emt 0:00:12]} Rc4 {[%emt 0:00:22]} 68. Re7+ {[%emt 0:02:07]} Kf8 {[%emt 0:00:30]} 69. Re6 {[%emt 0:00:00]} Rxf4 {[%emt 0:00:32]} 70. Rxg6 {[%emt 0:00:21]} Kf7 {[%emt 0:00:00]} 71. Ke5 {[%emt 0:01:47]} Kxg6 {[%emt 0:00:25]} 72. Kxf4 {[%emt 0:00:30]} Kg7 {[%emt 0:00:30]} 73. Kf5 {[%emt 0:00:30]} Kf7 {[%emt 0:00:30]} 74. g6+ {[%emt 0:00:30]} Kg7 {[%emt 0:00:30]} 75. Kg5 {[%emt 0:00:30]} Kg8 {[%emt 0:00:30]} 76. Kf6 {[%emt 0:00:30]} Kf8 {[%emt 0:00:30]} 77. g7+ {[%emt 0:00:30]} Kg8 {[%emt 0:00:00]} 78. Kg6 {[%emt 0:00:00]} 1/2-1/2